| 000 | 00586nam a2200157 4500 | ||
|---|---|---|---|
| 001 | 4378 | ||
| 005 | 20181127173302.0 | ||
| 020 | 0 | 0 | _a9789522643452 |
| 090 | 0 | 0 | _a333.72 T421c 2014 |
| 245 | 0 | 0 |
_aChallenges to sustainability : _bGlobal approaches and practical work in the Baltic sea region. _c _h |
| 260 | 0 | 0 |
_aKaarin Taipale : _bTH Global Sustainability Foundation, _c2014. |
| 300 | 0 | 0 | _a77 p. ; 25 cm. |
| 500 | 0 | 0 | _aAn International Seminar Organised by the city of Helsinki and the TH Global Sustainability Foundation. |
| 650 | 0 | 0 |
_aBaltic sea Region. _x |
| 650 | 0 | 0 |
_aSustainable development _x |
| 999 |
_c3619 _d3619 |
||